000 00408nam a2200181Ia 4500
008 210210b1964 xxu||||| |||| 00| 0 eng d
041 _aeng
082 _a822/964
100 _aPLUMB (J H) Ed
245 _aCrisis in the humanities
260 _aUSA
_bPenguin Books
_c1964
650 _athe
650 _ain
650 _ahumanities
650 _aCrisis
690 _aEnglish Prose
906 _a013147
999 _c131993
_d131993